| 000 | 00389nam a2200169Ia 4500 | ||
|---|---|---|---|
| 008 | 230524s9999 xx 000 0 und d | ||
| 082 |
_a658.12 _bPAN |
||
| 100 | _aPete Pande | ||
| 245 | 0 | _aWhat is Six Sigma ? | |
| 250 | _aIST | ||
| 260 |
_aNEW DELHI _bTMH _c2010 |
||
| 300 | _aVII;87 | ||
| 500 | _aQuantity Number: 2 | ||
| 650 | _aManagement | ||
| 700 | _aLarry Holpp | ||
| 942 | _cBK | ||
| 999 |
_c46039 _d46039 |
||